IMF Committee on Balance of Payments Statistics annual report 2003

Na minha lista:
Detalhes bibliográficos
Formato: Livro
Idioma:inglês
Publicado em: Washington, D.C. IMF 2004
Assuntos:
Tags: Adicionar Tag
Sem tags, seja o primeiro a adicionar uma tag!

MARC

LEADER 00000nam$a2200000$$$4500
001 0024521
005 20240315115426.8
020 |a 1-58906-369-4 
022 |a 1020-1637 
041 0 |a eng 
044 |a US 
245 1 0 |a IMF Committee on Balance of Payments Statistics  |b annual report 2003 
264 1 |a Washington, D.C.  |b IMF  |c 2004 
300 |a 27 s. 
610 2 0 |a Medzinárodný menový fond 
610 2 0 |a bilancia platobná 
610 2 0 |a svet 
610 2 0 |a štatistika 
610 2 0 |a účty kapitálové 
610 2 0 |a účty finančné 
610 2 0 |a účty bežné 
610 2 0 |a účty kontokorentné 
610 2 0 |a 2003